Movies for the Birds Quiz Stats

Quiz Updated Aug 25, 2015

Challenge
Share
Tweet
Score 0/20 Timer 08:00
0 Plays Today
% Correct
Harry Potter and the Sorcerer's Stone
96.7%
The Wizard Of Oz
91.1%
Maleficent
87.5%
The Birds
79.2%
March Of The Penguins
72%
Enchanted
70.7%
The Matrix Reloaded
70.3%
Evan Almighty
63.1%
Mary Poppins
57.3%
It's A Wonderful Life
41.4%
% Correct
On The Waterfront
35.9%
The Crow
35.2%
The Royal Tenenbaums
35%
Fly Away Home
29.8%
Blended
25.6%
Birdman Of Alcatraz
20.9%
The Producers
18.6%
Paulie
14.4%
Safety Last!
5.1%
The Giant Claw
1.9%

You're not logged in!

Compare scores with friends on all Sporcle quizzes.
Sign Up with Email
OR
Log In

You Might Also Like...

Show Comments

Extras

Top Quizzes Today


Score Distribution

Your Account Isn't Verified!

In order to create a playlist on Sporcle, you need to verify the email address you used during registration. Go to your Sporcle Settings to finish the process.